Normal view
MARC view
Entry Personal Name
001 - CONTROL NUMBER
- control field: 89301
003 - CONTROL NUMBER IDENTIFIER
- control field: dpl
005 - DATE AND TIME OF LATEST TRANSACTION
- control field: 20260604122456.0
008 - FIXED-LENGTH DATA ELEMENTS
- fixed length control field: 260604|| aca||aabn | a|a d
040 ## - CATALOGING SOURCE
- Original cataloging agency: dpl
- Transcribing agency: dpl
100 ## - HEADING--PERSONAL NAME
- Personal name: Rawat, Rahul
670 ## - SOURCE DATA FOUND
- Source citation: Work cat.: (dpl)216494: Revisionists Rising China Russia Iran And North Korea In The Global Order/, 2026
